000 00834nam a22002777a 4500
001 BR7806067
003 BR-BrBNA
005 20230928085730.0
007 ta
008 230509b bl.||||| |||| 00| 0 por d
040 _aBR-BrBNA
_bpor
_cBiblioteca Nacional de Agricultura
041 _a(Por)
072 _aF00
_b3575
_b/G514
090 _ 3575 BR7806067
110 1 _aSecretaria de Estado da Agricultura, Curitiba, PR (Brasil)
_98811
245 1 _aProjeto para implantacao do Programa de certificacao de sementes no Estado do Parana [Brasil]
_bAno agricola 1977/78
260 3 _aCuritiba, PR (Brasil):
_c1978.
300 _a28 p.
500 _a9 tables
650 _aSEMENTE
650 _aCONTROLE DE QUALIDADE
650 _aPODER GERMINATIVO
650 _aPARANA
909 _a202309
_bLucia
_c55
_dLucia Elande
942 _cBK
999 _c26038
_d26038